| 000 | 02861nam a2200541Ia 4500 | ||
|---|---|---|---|
| 001 | dia_4920 | ||
| 003 | CHAP | ||
| 005 | 20240405101622.0 | ||
| 007 | ta | ||
| 008 | 220117s2009 mx abo f 001 0 spa d | ||
| 040 |
_cCHAP _amxchpua |
||
| 090 |
_aT.C.552 _bP47 IA _c2009 |
||
| 245 | 1 | 0 |
_aViaje de estudio realizado a estados de México-Querétaro-Guanajuato-Aguascalientes-Zacatecas / _ccoordinador Arturo Pérez Roman ; colaboradores Ana Estela Arcos Hernández...[y otros] |
| 260 |
_aMéxico : _bEl autor, _c2009 |
||
| 300 |
_aiii, 143 hojas : _bilustraciones, tablas, diagramas, mapas, fotos |
||
| 336 |
_2rdacontent, _atexto _btxt |
||
| 337 |
_2rdamedia _ano mediado _bn |
||
| 338 |
_2rdacarrier _avolumen _bnc |
||
| 500 | _aGrado: 4° año Grupo: 04 | ||
| 502 |
_aViaje de estudios _b(IA) -- _cUACh. Departamento de Ingeniería Agroindustrial, _d2009 |
||
| 505 | 0 | 0 | _tEmpresas visitadas : -- 1.Yakult, S. A. de C. V. -- 2.Sociedad Cooperativa de Trabajadores de Pascual Boing -- 3.Harinera Queretana Fénix, S. A. de C. V. -- 4.Rancho Michintepec Real Vagú, S. A. de C. V. -- 5.Tequila Corralero -- 6.Danone de México, S. A. de C. V. -- 7.Kerry (Ingredientes) -- 8.Tequilera Real Penjamo -- 9.La Cristalita, S. A. de C. V. -- 10.FREASA (Frigorífico y empacadora, S. A. de C. V.) -- 11.Encurtidos Delecur -- 12.Fábrica de dulces Flor de Calvillo, S. de R. L. -- 13.Viñedos y bodegas Hacienda de Letras -- 14.Grupo Modelo, S. A. de C. V. -- 15.Sociedad cooperativa de consumo La Frenillense -- 16.Deshidratadora de chiles Hermanos Trejo -- 17.Planta de verificación del Valle de las Arsinas, S. de R. L. -- 18.Centro Regional Universitario Centro Norte (CRUCEN) |
| 650 | 1 | 3 |
_aIndustria cervecera _957799 |
| 650 | 1 | 3 |
_aIndustria de la confitería _9148414 |
| 650 | 1 | 3 |
_aIndustria de los alimentos _9148659 |
| 650 | 1 | 3 |
_aIndustria de productos agrícolas _9151277 |
| 650 | 1 | 3 |
_aIndustria del vino _9151418 |
| 650 | 1 | 3 |
_aIndustria lechera _957819 |
| 650 | 1 | 3 |
_aIndustria molinera _9157045 |
| 650 | 1 | 3 |
_aJugos de fruta _962307 |
| 650 | 1 | 3 |
_aTequila _9112336 |
| 650 | 1 | 3 |
_aDairy industry _9147068 |
| 650 | 1 | 3 |
_aConfectionery industry _9148412 |
| 650 | 1 | 3 |
_aFood industry _9148657 |
| 650 | 1 | 3 |
_aFruit juices _9148584 |
| 650 | 1 | 3 |
_aMilling industry _9157318 |
| 650 | 1 | 3 |
_aHorticultural products industry _9151276 |
| 650 | 1 | 3 |
_aBrewing industry _9151423 |
| 650 | 1 | 3 |
_aWine industry _9151419 |
| 700 | 1 |
_aPérez Román, Arturo _9148019 _ecoordinador |
|
| 700 | 1 |
_aArcos Hernández, Ana Estela _9131951 _ecolaboradora |
|
| 856 | 4 | 2 |
_uhttp://10.13.5.2/ve/TC552IA/TC552IA2009-REPORTE.pdf _yDESCARGAR REPORTE |
| 901 | _aT.C.552 P47 IA 2009 | ||
| 902 | _aM | ||
| 905 | _a5232272009 MX aimn8223223322SPA16 | ||
| 942 | _2local | ||
| 942 | _cVE | ||
| 999 |
_c175719 _d175719 |
||